000 00339nam a2200145Ia 4500
008 230718s9999 xx 000 0 und d
041 _aEng.
082 _a344.046
_bKRA-E
100 _aKramel , Dr ludusig
245 0 _aEnvironmental Law
260 _aPakistan
_bSweet and Maxwell
_c1997
300 _a378
650 _aLaw
999 _c29480
_d29480